000 01008cam a2200301 a 4500
001 16302129
005 20170105102901.0
008 100625s2011 enka b 001 0 eng
010 _a 2010026134
020 _a9780415591171 (hbk.)
020 _a9780203834602 (ebk)
040 _aDLC
_cDLC
_dDLC
050 0 0 _aHD9502.A2
_bR68 2011
082 0 0 _a333.79
_222
245 0 4 _aThe Routledge handbook of energy security /
_cedited by Benjamin K. Sovacool.
260 _aLondon ;
_aNew York :
_bRoutledge,
_c2011.
300 _axviii, 436 p. :
_bill. ;
_c26 cm.
504 _aIncludes bibliographical references and index.
650 0 _aEnergy development.
650 0 _aEnergy consumption.
650 0 _aEnergy policy.
650 0 _aEnergy industries.
650 0 _aSupply and demand.
700 1 _aSovacool, Benjamin K.
906 _a7
_bcbc
_corignew
_d1
_eecip
_f20
_gy-gencatlg
942 _2ddc
_cREF
999 _c14652
_d14652